000 00667nam a2200181Ia 4500
008 240729s9999 xx 000 0 und d
022 _a2682-3640
245 4 _aThe Egyptian International Journal of Engineering Sciences and Technology
260 _aEgypt
260 _bZagazig University, Faculty of Engineering
650 _a Electrical engineering. Electronics. Nuclear engineering | Technology
650 _a Engineering (General). Civil engineering (General) | Technology
650 _a Mechanical engineering and machinery
650 _aTechnology
856 _uhttps://doaj.org/toc/2295216722c6434dbbb406919dfb2433
942 _2ddc
942 _cDOAJEJ
999 _c74419
_d74419
945 _a1
_bMadushi Gamage
_c1
_dMadushi Gamage